000 00311nam a22001337a 4500
008 170815b xxu||||| |||| 00| 0 eng d
020 _a9780471109143
041 _aeng
080 _a311
100 _a36
101 _aMAT
245 _aSTATISTICS FOR BUSSINESS AND ECONOMICS
_cMANN.P.S
942 _2udc
_cBK
999 _c23498
_d23498